00841nam a2200217 i 450000100060000000300090000600500170001500700030003200800410003508000190007610000210009524500630011625000190017926000670019830000190026550502380028465000140052265000180053665100460055485200230060075971ES-MaACL20230906172656.0t|040928m19141918fr ||||1| fre d a960-17".../04"1 aGsell, Stephane.10aHistoire ancienne de l'Afrique du Nord / cStephane Gsell. a2eme. ed. rev. aParis : b[s.n.], c1914-1918 (eCoulommiers : fPaul Brodard) a4 v ; c24 cm.8 aContiene: I. Les conditions du développement historique, les temps primitifs, la colonisation phénicienne et l'empire de Carthage - II. L'Etat carthaginois - III. Histoire militaire de Carthage - IV. La civilisation carthaginoise 4aFenicios. 4aCartagineses. 4aCartago (Ciudad desaparecida)-xHistoria. aES-MaACLjC-2120-3